000 00878nam a22002057a 4500
999 _c1985
_d1985
003 AR-CdUCM
008 190228b ||||| |||| 00| 0 spa d
040 _aMUNICIPALIDAD PROVINCIAL DEL CUSCO
_cBIBLIOTECA MUNICIPAL DEL CUSCO
082 _a338.985 /
_bP45
110 _aPlan Nacional de Desarrollo Económico Parcial del Perú
_97234
245 _aPlan nacional de desarrollo económico y social del Perú 1962-1971 /
260 _aMexico :
_bPNDEPP ,
_c1962.
300 _a281 páginas ;
_c22 cm.
505 _aReflexiones sobre ciertos aspectos de desarrollo -- El problema de la vivienda -- La educación -- Infraestructura -- Reforma tributaria -- Estabilidad de precios de los productos.
650 _aDesarrollo social.
_91131
650 _aDesarrollo económico.
_91696
650 _aAspectos de desarrollo.
_97235
942 _2ddc
_cLIBROS
945 _awfj
_d2019-02-28